| 000 | 00512nam a22001817a 4500 | ||
|---|---|---|---|
| 003 | LK-CoDNM | ||
| 005 | 20250129121630.0 | ||
| 008 | 250129b |||||||| |||| 00| 0 eng d | ||
| 040 |
_aLK-CoDNM _dLK-CoDNM _eLK-CoDNM |
||
| 041 | _aeng | ||
| 080 |
_a13 _bP17 |
||
| 100 | _aC.B.E., M.A, Yule, G. Udny | ||
| 245 | _aAn Introduction To The Theory Of Statistics | ||
| 260 |
_aLondon _bCharles Griffin And Company, Limited _c1919 |
||
| 300 | _axv, 398p . : ill ; 19 cm | ||
| 650 | _aStatistics | ||
| 942 | _cBK | ||
| 999 |
_c237619 _d237619 |
||